|
|
|
|
| LEADER |
00798nam a22002417a 4500 |
| 001 |
AAL1151 |
| 003 |
BD-DhAAL |
| 005 |
20151229191209.0 |
| 008 |
151229b19861980iluab||| |||| 001 0 eng d |
| 020 |
|
|
|a 0866091467
|
| 040 |
|
|
|a BD-DhAAL
|c BD-DhAAL
|
| 082 |
|
|
|a 910
|
| 100 |
|
|
|a Backler, Alan L
|9 17032
|
| 245 |
|
|
|a World geography /
|c Alan L Backler and Stuart Lazarus
|
| 260 |
|
|
|a Evanston :
|b McDougal, Littell,
|c 1986.
|
| 300 |
|
|
|a x, 596 p. :
|b ill. ;
|c 26 cm.
|
| 541 |
|
|
|e 1151
|
| 650 |
|
|
|a Geography.
|9 17033
|
| 650 |
|
|
|a Human ecology.
|9 17034
|
| 700 |
|
|
|a Lazarus, Stuart
|9 17035
|
| 942 |
|
|
|2 ddc
|c BK
|
| 999 |
|
|
|c 36464
|d 36464
|
| 952 |
|
|
|0 0
|1 0
|2 ddc
|4 0
|6 910_000000000000000_BAC
|7 0
|9 57412
|a SCL
|b SCL
|c GEN
|d 2015-12-29
|e Gift: The Asia Foundation
|l 0
|o 910 BAC
|p 3020001151
|r 2015-12-29
|t 1
|w 2015-12-29
|y BK
|